| 000 | 00472nam a22001577a 4500 | ||
|---|---|---|---|
| 005 | 20231109091328.0 | ||
| 008 | 231109b |||||||| |||| 00| 0 eng d | ||
| 041 | _aEnglish | ||
| 082 | _a346.2 LAW | ||
| 100 |
_aRensburg, ADJ and van der Merwe, SWJ _lEnglish |
||
| 245 |
_aLaw of Contract / _cADJ Rensburg and SWJ van der Merwe |
||
| 260 | _c2005 | ||
| 300 |
_bv, 96 pages ; _c30 cm. |
||
| 650 |
_aLegal practice _bLaw |
||
| 942 |
_cBK _6ALISON_BN_VRIES |
||
| 999 |
_c465 _d465 |
||